000 00613cam a22002293a 4500
001 19784
003 PGUSA
005 20140828083423.0
008 061115s2006||||xxu|||||s|||||000 p eng d
040 _aPGUSA
_beng
042 _adc
050 4 _aPR
100 1 _aDonne, John,
_d1572-1631
245 1 0 _aDeath Be Not Proud
_h[electronic resource] /
_cJohn Donne
260 _bProject Gutenberg,
_c2006
506 _aPublic domain in the USA.
516 _aElectronic text
653 _aDeath -- Poetry
830 0 _aProject Gutenberg
_v19784
856 4 0 _uhttp://www.gutenberg.org/ebooks/19784
942 _cEB
999 _c249039
_d249039